| Поле | Название | Значение |
| |
Тип записи |
a |
| |
Библиографический уровень |
m |
| 001 |
Контрольный номер |
a3c44946253343758060c0e596d97e25 |
| 005 |
Дата корректировки |
20200930093924.1 |
| 010 |
Индекс ISBN |
__ |
| a |
ISBN |
978-5-4461-1114-5 |
| d |
Цена |
289-09 |
| 100 |
Данные общей обработки |
__ |
| a |
Данные общей обработки |
20200929d2020####k##y0rusy50######ca |
| 101 |
Язык документа |
0_ |
| a |
Язык текста |
rus |
| 102 |
Страна публикации |
__ |
| a |
Страна публикации |
RU |
| 200 |
Заглавие и сведения об ответственности |
1_ |
| a |
Заглавие |
Укротитель троллей |
| e |
Сведения, относящиеся к заглавию |
как заставить замолчать внутреннего критика |
| f |
Первые сведения об ответственности |
Рик Карсон |
| g |
Последующие сведения об ответственности |
перевела с английского языка Анастасия Сучкова |
| 210 |
Выходные данные |
1_ |
| a |
Место издания |
Санкт-Петербург [и др.] |
| c |
Издательство |
Питер |
| d |
Дата издания |
2019 |
| 215 |
Физическое описание |
__ |
| a |
Объем |
190, [2] с. |
| c |
Иллюстрации/тип воспроизводства |
ил. |
| 225 |
Серия (Журнальная рубрика) |
2_ |
| a |
Серия (Журнальная рубрика) |
Серия "Сам себе психолог" |
| 300 |
Общие примечания |
__ |
| a |
Общие примечания |
На 4-й с. обл. авт.: Рик Карсон - психотерапевт |
| 330 |
Аннотация |
__ |
| a |
Аннотация |
Книга известного американского психотерапевта неоднократно переиздавалась и была переведена на несколько языков. С ее помощью читатели по всему миру легко укрощают свои сомнения, страхи и саморазрушительные убеждения. Оригинальные методики, простые и практически применимые советы, занимательные примеры из практики – книга Рика Карсона поможет справиться с внутренним критиком, обрести уверенность в собственных силах и не позволять сомнениям вставать на пути к вашим целям. |
| 333 |
Примечание о целевом назначении |
__ |
| a |
Примечание о целевом назначении |
16+ |
| 606 |
Тематические рубрики |
__ |
| a |
Основная рубрика |
Психология |
| 606 |
Тематические рубрики |
__ |
| a |
Основная рубрика |
Психология состояний |
| 610 |
Ключевые слова |
0_ |
| a |
Ключевые слова |
психологическая коррекция |
| a |
Ключевые слова |
психотерапия |
| a |
Ключевые слова |
страхи (психология) |
| a |
Ключевые слова |
саморазрушение |
| a |
Ключевые слова |
сомнения (психология) |
| a |
Ключевые слова |
психогигиена |
| 686 |
Индексы других классификаций |
__ |
| a |
Индекс ББК |
88.28 |
| 700 |
Автор |
_1 |
| a |
Фамилия |
Карсон |
| b |
Имя |
Р. |
| g |
Полное личное имя |
Рик |
| 702 |
Вторичная интеллектуальная ответственность |
_1 |
| a |
Фамилия |
Сучкова |
| b |
Имя |
А. |
| g |
Полное личное имя |
Анастасия |
| 801 |
Источник записи |
_0 |
| a |
Страна |
RU |
| b |
Организация |
Центральная районная библиотека им. Г. А. Пирожникова |
| g |
Правила каталогизации |
bzbo |
| 801 |
Источник записи |
_1 |
| a |
Страна |
RU |
| b |
Организация |
Центральная районная библиотека им. Г. А. Пирожникова |
| g |
Правила каталогизации |
bzbo |
| 852 |
Данные о местонахождении |
__ |
| j |
Шифр хранения |
88.28 |
| i |
Авторский знак |
К 269 |
| 901 |
Тип документа |
__ |
| t |
Тип документа |
m |
| 902 |
Роль лиц |
__ |
| a |
Создатель БЗ |
ОКиО/Шумских |